| 000 | 00860cam a2200193 4500 | ||
|---|---|---|---|
| 001 | L136321 | ||
| 008 | 070125n2006 000 0 eng u | ||
| 035 | _a(Sirsi) u136321 | ||
| 041 | 0 | _aeng | |
| 110 | 2 |
_aBritish Council for Offices _93992 |
|
| 245 | 0 | 0 |
_aBCO handover tool _h[electronic resource] |
| 260 |
_aLondon _bBritish Council for Offices _c2006 |
||
| 520 | _aDiscusses the issues which the service provider and client face from the inception stage, including lease agreements, due diligence procedures and terms, through to the occupier operating its business from the premises. | ||
| 590 | _aKA | ||
| 651 | 4 |
_aUnited Kingdom _y |
|
| 690 | _aPROPERTY-COMMERCIAL PROPERTY-COMMERCIAL LANDLORD AND TENANT-COMMERCIAL LEASES | ||
| 856 | 4 | 0 |
_uhttps://www.bco.org.uk/news/detail.cfm?rid=73 _zView the item free of charge at www.bco.org.uk... |
| 942 | _n0 | ||
| 999 |
_c106358 _d106358 |
||